Statystyki dla Polskie Hity 2020

Kliknij tutaj aby rozwiązać quiz!

Ogólne statystyki

  • Ten quiz został rozwiązany 102 razy
  • Średni wynik to 4 z 30

Statystyki odpowiedzi

WykonawcaPiosenkaOdsłuchania (Spotify)% Poprawnych
SanahSzampan21 360 804
87%
Viki Gabor, KayahRamię W Ramię7 393 588
66%
Quebonafide, Duit, Daria ZawiałowBUBBLETEA30 067 489
63%
SanahMelodia16 995 767
40%
BARANOVSKILubie być z nią4 285 594
22%
SanahKrólowa Dram7 617 279
19%
Męskie Granie OrkiestraŚwit6 999 861
12%
Sobel, Czarny HIFI, Michał SzczygiełDaj Mi Znać5 339 694
11%
Margaret, OtschodziReksiu2 206 368
10%
Smolasty, Ewa FarnaPełnia4 022 672
9%
Young LeosiaWyspy1 207 642
9%
SobelKażdego Dnia7 149 233
8%
Viki GaborAfera1 246 606
6%
Krzysztof ZalewskiAnnuszka2 219 554
6%
Quebonafide, MrozuŁAJZA4 243 845
6%
MaRina, Young IgiNigdy Więcej2 013 138
6%
Kali, Klaudia Szafrańska, PlanBe, Sir MichTam gdzie wy7 292 328
6%
Margaret, KizoRoadster2 143 268
4%
Natalia SzroederPestki4 280 215
3%
LanberryPlan Awaryjny2 432 014
3%
Marcin MaciejczakDeszcz I Bez524 747
1%
Kamil BednarekMomenty1 382 470
1%
Paweł DomagałaPopatrz na mnie1 292 780
1%
Natalia ZastępaRudy1 229 442
1%
LanberryTracę1 765 840
1%
Cleo, B.R.OZnikam834 685
1%
Kamil BednarekBądź przy mnie4 962 046
0%
Gromee, Ania DąbrowskaPowiedz mi (kto w tych oczach mieszka)2 347 882
0%
Michał SzczygiełTak Jak Chcę1 271 607
0%
Paweł DomagałaWracaj1 103 464
0%

Rozkład punktacji

Percentyl według liczby udzielonych odpowiedzi

Procent ludzi z każdym wynikiem

Twoja historia wyników

Nie rozwiązałeś tego quizu